000
00324 a2200157 4500
001
187584
020
_a
040
_c
Magnum
100
_a
Casasanta, Therezinha
240
1
0
_a
Tico vai à cidade
_l
por
245
1
0
_a
Tico vai à cidade
300
_a
32
362
0
_a
1994
697
_a
LITERATURA INFANTO
942
_c
BK
999
_c
187584
_d
187584